| 000 | 00740nam a22002297a 4500 | ||
|---|---|---|---|
| 999 |
_c63301 _d63301 |
||
| 005 | 20250730150401.0 | ||
| 008 | 250730s2007 en ||||| |||| 00| 0 eng d | ||
| 020 | _a9780443071515 X | ||
| 041 | _aeng | ||
| 080 | _a616.31 S-42 | ||
| 100 |
_aScully, Crispian _922046 |
||
| 245 |
_aSpecial Care in Dentistry: _bHandbook of Oral Health Care / _cCrispian Scully, Pedro Diz Dios, Navdeep Kumar |
||
| 250 | _afirst publihed | ||
| 264 |
_aEdinburgh : _b Elsevier, _c2007. |
||
| 300 |
_a504 p.: _bill; _c19 cm. |
||
| 653 | _aMEDICAL / Dentistry / General | ||
| 653 | _aმედიცინა | ||
| 653 | _aსტომატოლოგია | ||
| 700 |
_a Diz Dios, Pedro _925710 |
||
| 700 |
_aKumar, Navdeep _925680 |
||
| 942 |
_2udc _cBK |
||